<?xml version="1.0" encoding="UTF-8"?>
<record
    xmlns:xsi="http://www.w3.org/2001/XMLSchema-instance"
    xsi:schemaLocation="http://www.loc.gov/MARC21/slim http://www.loc.gov/standards/marcxml/schema/MARC21slim.xsd"
    xmlns="http://www.loc.gov/MARC21/slim">

  <leader>01292nam a22002177a 4500</leader>
  <datafield tag="999" ind1=" " ind2=" ">
    <subfield code="c">64169</subfield>
    <subfield code="d">64169</subfield>
  </datafield>
  <controlfield tag="003">Ge_BSU</controlfield>
  <controlfield tag="005">20260424110728.0</controlfield>
  <controlfield tag="008">260424s1998    ge ||||| |||| 00| 0 geo d</controlfield>
  <datafield tag="020" ind1=" " ind2=" ">
    <subfield code="a">5511007870</subfield>
  </datafield>
  <datafield tag="041" ind1=" " ind2=" ">
    <subfield code="a">geo</subfield>
  </datafield>
  <datafield tag="080" ind1=" " ind2=" ">
    <subfield code="a">330.101(075.8) &#x10DB;-19</subfield>
  </datafield>
  <datafield tag="100" ind1=" " ind2=" ">
    <subfield code="a">&#x10DB;&#x10D0;&#x10D9;&#x10D9;&#x10DD;&#x10DC;&#x10D4;&#x10DA;&#x10D8;, &#x10D9;&#x10D4;&#x10DB;&#x10DE;&#x10D1;&#x10D4;&#x10DA; &#x10E0;.</subfield>
    <subfield code="9">27367</subfield>
  </datafield>
  <datafield tag="245" ind1=" " ind2=" ">
    <subfield code="a">&#x10D4;&#x10D9;&#x10DD;&#x10DC;&#x10DD;&#x10DB;&#x10D8;&#x10D9;&#x10E1;&#x10D8; : </subfield>
    <subfield code="b">&#x10DE;&#x10E0;&#x10D8;&#x10DC;&#x10EA;&#x10D8;&#x10DE;&#x10D4;&#x10D1;&#x10D8;, &#x10DE;&#x10E0;&#x10DD;&#x10D1;&#x10DA;&#x10D4;&#x10DB;&#x10D4;&#x10D1;&#x10D8;, &#x10DE;&#x10DD;&#x10DA;&#x10D8;&#x10E2;&#x10D8;&#x10D9;&#x10D0; : &#x10E1;&#x10D0;&#x10EE;&#x10D4;&#x10DA;&#x10DB;&#x10EB;&#x10E6;&#x10D5;., &#x10DB;&#x10D4;-11 &#x10D2;&#x10D0;&#x10DB;&#x10DD;&#x10EA;&#x10D4;&#x10DB;&#x10D8;&#x10E1; &#x10E0;&#x10D4;&#x10E4;&#x10D4;&#x10E0;&#x10D0;&#x10E2;-&#x10D3;&#x10D0;&#x10D8;&#x10EF;&#x10D4;&#x10E1;&#x10E2;&#x10D8; /</subfield>
    <subfield code="c">&#x10D9;&#x10D4;&#x10DB;&#x10DE;&#x10D1;&#x10D4;&#x10DA; &#x10E0;.&#x10DB;&#x10D0;&#x10D9;&#x10D9;&#x10DD;&#x10DC;&#x10D4;&#x10DA;&#x10D8;; [&#x10E8;&#x10D4;&#x10DB;&#x10D3;&#x10D2;.: &#x10D7;&#x10D4;&#x10D8;&#x10DB;&#x10E3;&#x10E0;&#x10D0;&#x10D6; &#x10D1;&#x10D4;&#x10E0;&#x10D8;&#x10EB;&#x10D4;, &#x10DC;&#x10D0;&#x10DC;&#x10D0; &#x10D0;&#x10D3;&#x10D4;&#x10D8;&#x10E8;&#x10D5;&#x10D8;&#x10DA;&#x10D8; ; &#x10DB;&#x10D7;&#x10D0;&#x10E0;&#x10D2;&#x10DB;&#x10DC;.: &#x10DC;&#x10D0;&#x10DC;&#x10E3;&#x10DA;&#x10D8; &#x10D0;&#x10E0;&#x10D4;&#x10D5;&#x10D0;&#x10EB;&#x10D4; ; &#x10E5;&#x10D0;&#x10E0;&#x10D7;. &#x10D2;&#x10D0;&#x10DB;&#x10DD;&#x10EA;&#x10D4;&#x10DB;&#x10D8;&#x10E1; &#x10E0;&#x10D4;&#x10D3;.: &#x10E0;&#x10DD;&#x10D6;&#x10D4;&#x10E2;&#x10D0; &#x10D0;&#x10E1;&#x10D0;&#x10D7;&#x10D8;&#x10D0;&#x10DC;&#x10D8;].</subfield>
  </datafield>
  <datafield tag="250" ind1=" " ind2=" ">
    <subfield code="a">&#x10DB;&#x10D4;-11 &#x10D2;&#x10D0;&#x10DB;&#x10DD;&#x10EA;&#x10D4;&#x10DB;&#x10D0;.</subfield>
  </datafield>
  <datafield tag="264" ind1=" " ind2=" ">
    <subfield code="a">&#x10D7;&#x10D1;. :</subfield>
    <subfield code="b"> &#x10E1;&#x10D8;&#x10D0;&#x10EE;&#x10DA;&#x10D4;, </subfield>
    <subfield code="c">1998.</subfield>
  </datafield>
  <datafield tag="300" ind1=" " ind2=" ">
    <subfield code="a">240 &#x10D2;&#x10D5;. ; </subfield>
    <subfield code="b">20 &#x10E1;&#x10DB;.</subfield>
  </datafield>
  <datafield tag="653" ind1=" " ind2=" ">
    <subfield code="a">&#x10D4;&#x10D9;&#x10DD;&#x10DC;&#x10DD;&#x10DB;&#x10D8;&#x10D9;&#x10E1;&#x10D8;</subfield>
  </datafield>
  <datafield tag="653" ind1=" " ind2=" ">
    <subfield code="a">&#x10D4;&#x10D9;&#x10DD;&#x10DC;&#x10DD;&#x10DB;&#x10D8;&#x10D9;&#x10D8;&#x10E1; &#x10D7;&#x10D4;&#x10DD;&#x10E0;&#x10D8;&#x10D0; </subfield>
  </datafield>
  <datafield tag="700" ind1=" " ind2=" ">
    <subfield code="a">&#x10D1;&#x10E0;&#x10D8;&#x10E3;, &#x10E1;&#x10E2;&#x10D4;&#x10DC;&#x10DA;&#x10D8; &#x10DA;.</subfield>
    <subfield code="e">&#x10D0;&#x10D5;&#x10E2;&#x10DD;&#x10E0;&#x10D8;</subfield>
    <subfield code="9">27368</subfield>
  </datafield>
  <datafield tag="942" ind1=" " ind2=" ">
    <subfield code="2">udc</subfield>
    <subfield code="c">&#x1CAC;&#x1C98;&#x1C92;&#x1C9C;&#x1C98;</subfield>
  </datafield>
  <datafield tag="952" ind1=" " ind2=" ">
    <subfield code="0">0</subfield>
    <subfield code="1">0</subfield>
    <subfield code="2">udc</subfield>
    <subfield code="4">0</subfield>
    <subfield code="6">3301010758_&#x10DB;19</subfield>
    <subfield code="7">0</subfield>
    <subfield code="9">106090</subfield>
    <subfield code="a">CPL</subfield>
    <subfield code="b">CPL</subfield>
    <subfield code="c">GEN</subfield>
    <subfield code="d">2026-04-24</subfield>
    <subfield code="g">10.80</subfield>
    <subfield code="o">330.101(075.8) &#x10DB;-19</subfield>
    <subfield code="p">74378</subfield>
    <subfield code="r">2026-04-24</subfield>
    <subfield code="t">74378</subfield>
    <subfield code="w">2026-04-24</subfield>
    <subfield code="y">&#x1CAC;&#x1C98;&#x1C92;&#x1C9C;&#x1C98;</subfield>
    <subfield code="z">10 &#x10DA;. 80 &#x10D7;.</subfield>
  </datafield>
</record>
